NFL top 300 receiving TDs leaders career - Statistics

General Stats
  • This quiz has been taken 47 times
    35 since last reset
  • The average score is 98 of 254
Answer Stats
TD amount rank player % Correct
83 27 Antonio Brown
93%
197 1 Jerry Rice
93%
156 2 Randy Moss
93%
66 62 Santana Moss
93%
50 143 A.J. Brown
89%
39 245 amon ra st. brown
89%
70 51 Andre Johnson
89%
83 27 Calvin Johnson
89%
67 59 Chad Johnson
89%
41 222 Eddie Brown
89%
66 62 Julio Jones
89%
64 74 Keyshawn Johnson
89%
100 11 Tim Brown
89%
40 230 Jackie Smith
86%
51 136 James Jones
86%
60 97 Jerry Smith
86%
67 59 Jimmy Smith
86%
58 105 Marvin Jones
86%
68 56 Rod Smith
86%
81 33 Steve Smith Sr.
86%
41 222 Torrey Smith
86%
153 3 Terrell Owens
82%
105 10 Davante Adams
79%
121 6 Larry Fitzgerald
79%
116 7 Antonio Gates
75%
60 97 Drew Hill
75%
40 230 Harlon Hill
75%
47 175 John Jefferson
75%
41 222 Justin Jefferson
75%
128 5 Marvin Harrison
75%
52 132 Roy Jefferson
75%
51 136 Tony Hill
75%
78 37 Travis Kelce
75%
83 27 Tyreek Hill
75%
70 51 A.J. Green
71%
87 18 Andre Reed
71%
55 118 Anthony Carter
71%
130 4 Cris Carter
71%
63 79 Demaryius Thomas
71%
47 175 Ja'Marr Chase
71%
92 14 Rob Gronkowski
71%
66 62 Roy Green
71%
62 87 Shannon Sharpe
71%
65 67 Sterling Sharpe
71%
100 11 Steve Largent
71%
111 8 Tony Gonzalez
71%
50 143 D.K. Metcalf
68%
43 209 Lee Evans
68%
106 9 Mike Evans
68%
51 136 Darrell Jackson
64%
85 19 DeAndre Hopkins
64%
58 105 DeSean Jackson
64%
75 41 Dez Bryant
64%
76 39 Harold Jackson
64%
85 19 Hines Ward
64%
69 55 Keenan Allen
64%
49 154 Keith Jackson
64%
46 182 Michael Jackson
64%
59 103 Odell Beckham Jr.
64%
82 31 Reggie Wayne
64%
44 196 Roy Williams
64%
57 111 Vincent Jackson
64%
51 136 Emmanuel Sanders
61%
89 16 Jimmy Graham
61%
63 79 Roddy White
61%
50 143 Sammy White
61%
63 79 Vernon Davis
61%
62 87 Herman Moore
57%
44 196 Lance Moore
57%
48 166 Lenny Moore
57%
65 67 Michael Irvin
57%
74 43 Nat Moore
57%
49 154 Rob Moore
57%
70 51 Stefon Diggs
57%
83 27 Brandon Marshall
54%
74 43 Jason Witten
54%
72 46 Jordy Nelson
54%
74 43 Torry Holt
54%
61 91 Tyler Lockett
54%
50 143 Wes Welker
54%
68 56 Art Monk
50%
79 35 Charley Taylor
50%
58 105 Hugh Taylor
50%
91 15 Isaac Bruce
50%
45 188 Jared Cook
50%
43 209 John Taylor
50%
45 188 Lionel Taylor
50%
57 111 Otis Taylor
50%
64 74 Amari Cooper
46%
40 230 Frank Lewis
46%
51 136 Lynn Swann
46%
40 230 Marcedes Lewis
46%
53 127 Mark Andrews
46%
84 23 Mark Clayton
46%
43 209 Allen Robinson
43%
39 245 Chris Godwin
43%
53 127 Dallas Clark
43%
99 13 Don Hutson
43%
49 154 Doug Baldwin
43%
48 166 Dwight Clark
43%
65 67 Gary Clark
43%
46 182 George Kittle
43%
43 209 Marcus Robinson
43%
71 49 Wesley Walker
43%
46 182 Alshon Jeffery
39%
84 23 Andre Rison
39%
63 79 Anthony Miller
39%
49 154 Billy Wilson
39%
67 59 Cliff Branch
39%
39 245 Deion Branch
39%
55 118 Ed McCaffrey
39%
79 35 Harold Carmichael
39%
45 188 Heath Miller
39%
45 188 Kellen Winslow
39%
59 103 Mark Duper
39%
43 209 Mike Ditka+
39%
47 175 Ozzie Newsome
39%
53 127 T.Y. Hilton
39%
64 74 Adam Thielen
36%
82 31 Anquan Boldin
36%
60 97 Brandin Cooks
36%
57 111 Cooper Kupp
36%
66 62 Derrick Mason
36%
70 51 Gary Collins
36%
60 97 Greg Olsen
36%
85 19 Lance Alworth
36%
54 122 Randall Cobb
36%
61 91 Antonio Freeman
32%
40 230 Calvin Ridley
32%
52 132 Dave Casper
32%
61 91 Donald Driver
32%
49 154 Eric Martin
32%
76 39 Fred Biletnikoff
32%
65 67 Henry Ellard
32%
63 79 John Stallworth
32%
72 46 Marques Colston
32%
56 115 Tony Martin
32%
55 118 Zach Ertz
32%
54 122 Amani Toomer
29%
63 79 Carl Pickens
29%
46 182 Golden Tate
29%
64 74 Greg Jennings
29%
42 216 Hunter Henry
29%
84 23 Irving Fryar
29%
75 41 James Lofton+
29%
39 245 Mark Bavaro
29%
54 122 Michael Crabtree
29%
57 111 Mike Wallace
29%
64 74 Plaxico Burress
29%
50 143 Ray Renfro
29%
84 23 Tommy McDonald
29%
48 166 Bob Chandler
25%
71 49 Bob Hayes
25%
40 230 Braylon Edwards
25%
65 67 Charlie Joiner
25%
88 17 Don Maynard
25%
48 166 Drew Pearson
25%
60 97 Elroy Hirsch
25%
53 127 Eric Decker
25%
58 105 Joe Horn
25%
77 38 Joey Galloway
25%
63 79 Keenan McCardell
25%
49 154 Laveranues Coles
25%
45 188 Mel Gray
25%
85 19 Paul Warfield
25%
68 56 Raymond Berry
25%
72 46 Stanley Morgan
25%
44 196 Terry Glenn
25%
56 115 Wes Chandler
25%
44 196 Willie Gault
25%
44 196 Dwayne Bowe
21%
49 154 Jeremy Maclin
21%
62 87 Muhsin Muhammad
21%
50 143 Ben Coates
18%
44 196 Ben Watson
18%
65 67 Bobby Mitchell
18%
62 87 Dante Lavelli
18%
49 154 Eric Moulds
18%
49 154 Ernest Givins
18%
43 209 Frank Gifford
18%
60 97 Gene Washington
18%
50 143 Haywood Jeffires
18%
53 127 Isaac Curtis
18%
48 166 Mark Carrier
18%
50 143 Max McGee
18%
61 91 Mike Quick
18%
44 196 Nate Washington
18%
54 122 Ricky Proehl
18%
49 154 Stephone Paige
18%
42 216 Todd Heap
18%
81 33 Art Powell
14%
39 245 Brandon Stokley
14%
51 136 Charley Hennigan
14%
52 132 Curtis Conway
14%
40 230 Derrick Alexander
14%
43 209 Johnnie Morton
14%
50 143 Kyle Rudolph
14%
39 245 Nate Burleson
14%
63 79 Terance Mathis
14%
44 196 T.J. Houshmandzadeh
14%
41 222 Wayne Chrebet
14%
44 196 Ahmad Rashad
11%
46 182 Bill Brooks
11%
47 175 Billy Cannon
11%
61 91 Billy Howton
11%
40 230 Boyd Dowler
11%
52 132 Carroll Dale
11%
58 105 Chris Chambers
11%
42 216 Eddie Kennison
11%
56 115 Haven Moses
11%
45 188 Jack Snow
11%
47 175 Joe Morrison
11%
48 166 John Gilliam
11%
47 175 Michael Haynes
11%
61 91 Pete Pihos
11%
47 175 Pete Retzlaff
11%
65 67 Sonny Randle
11%
44 296 Webster Slaughter
11%
54 122 Wesley Walls
11%
40 230 Alfred Jenkins
7%
39 245 Alge Crumpler
7%
44 196 Buddy Dial
7%
44 196 Dave Parks
7%
50 143 Frank Clarke
7%
48 166 Freddie Solomon
7%
58 105 Gary Garrison
7%
41 222 Jimmie Giles
7%
66 62 Jimmy Orr
7%
49 154 Ken Burrough
7%
39 245 Louis Lipps
7%
40 230 Marcus Pollard
7%
41 222 Todd Christensen
7%
49 154 Alyn Beals
4%
40 230 Bernie Casey
4%
41 222 Billy Joe DuPree
4%
46 182 Bobby Walston
4%
55 118 Chris Burford
4%
51 136 Del Shofner
4%
40 230 Jerome Barkum
4%
45 188 Jim Benton
4%
50 143 Ken Kavanaugh
4%
48 166 Kyle Rote
4%
40 230 Quinn Early
4%
48 166 Raymond Chester
4%
44 196 Reggie Rucker
4%
45 188 Rich Caster
4%
41 222 Riley Odoms
4%
40 230 Russ Francis
4%
42 216 Warren Wells
4%
39 245 Danny Abramowicz
0%
42 216 Gino Cappelletti
0%
39 245 Jim Colclough
0%
40 230 Jim Mutscheller
0%
42 216 Paul Coffman
0%
No matching quizzes found
Score Distribution
Percent of People with Each Score
Percentile by Number Answered
Your Score History
You have not taken this quiz since the last reset